01037ngm a2200301 i 450000500170000000700100001700800410002702000180006802000180008604000350010404100080013908200210014711000370016824500740020526400350027930000490031433600580036333700230042133800310044449000410047552100530051665000340056965000310060365000420063465000310067694200130070799900150072020220317001313.0vd cvbius210909s2005 ck a j s vcspa d a9781563319934 a7705127005060 aCO-BoRNBPbspaerdacCO-BoRNBP0 aspa04a616.97bD37a2222 aDiscovery Communications918969310aAtlas del cuerpo humano, 12bdefensa y curacDiscovery Communications 1aBogotábMS Tv & Videosc2005 a1 DVD (30 minutos)bestéreo, color c12 cm aimagen bidimensional en movimiento btdi2rdacontent avideobv2rdamedia avideodiscobvd2rdacarrier0 aDiscovery Channel. Estudios sociales aRecomendado para un público mayor de 12 años17aAnatomía humanavDVD 2LEMB17aCuerpo humano vDVD 2LEMB17aAnticuerpos y antígenosvDVD 2LEMB17aInmunología vDVD 2LEMB 2ddccDVD c6562d6562